01827nam a2200361Ia 450000500170000000800410001702000150005804100080007308200180008124501820009925000220028130000470030365000280035065000290037865000310040770000360043870000400047470000410051470000410055570000260059694200120062226400280063433600270066233700330068933800280072204000350075099900150078595201320080095201340093295201350106695201310120195201330133220220316235517.0121119s2001 sp ao gr 000 0 spa  a84494196380 aspa04aR 646.4bG37M00aMujer creativa bmil ideas de punto y costuracdirección de edición, José A. Vidal ; dibujos, Michele Gambin, Rossella Guerra, Monica Priante ; fotografía, Luigi Ferrari aPrimera edición a2 volúmenesbilustraciones, fotosc26 cm14aCosturavManuales2LEMB14aBordado vManuales2LEMB14aCorte y confección2LEMB1 aVidal, José A.eeditor9382321 aGambin, Michele eilustrador9382331 aGuerra, Rossella eilustrador9382341 aPriante, Mónicaeilustrador9382351 aFerrari, Luigi938236 2ddccBK aBarcelonabOceanoc2001 atextobtxt2rdacontent asin mediaciónbn2rdamedia avolumenbnc2rdacarrier aCO-BoRNBPbspaerdacCO-BoRNBP c1184d1184 00102ddc40708GENaMEDORADObMEDORADOcREFd2023-02-23l0oR 646.4 G37mpDOR01304r2023-02-23 00:00:00tEj.1w2023-02-23yBK 00102ddc40708006aMEMAPIRIbMEMAPIRIcREFd2024-01-11l0oR646.4 G37mpMAP00001249r2024-01-11 19:59:53tEj.1w2024-01-11yBK 00102ddc40708006aMEMAPIRIbMEMAPIRIcREFd2024-01-11l0or 646.4 g37mpMAP00001270r2024-01-11 20:52:46tEj.1w2024-01-11yBK 00102ddc40708GENaMESGUARObMESGUAROcREFd2024-10-26l0oR 646.4 G37mpSG02120r2024-10-26 13:19:22tEj.1w2024-10-26yBK 00102lcc40708GENaMEPCONCObMEPCONCOcGENd2025-12-19l0oR 646.4 G37MpPCON00107r2025-12-19 13:59:14tEj.1w2025-12-19yBK